| 000 | 01075nam a2200313 i 4500 | ||
|---|---|---|---|
| 003 | DO-SdBNP | ||
| 005 | 20231122145134.0 | ||
| 006 | a||||gr|||| 00| 0 | ||
| 007 | ta | ||
| 008 | 231122t2011 dr a|||| |||| 00| 0 spa d | ||
| 020 | _a9789945415261 | ||
| 040 |
_aDO-SdBNP _bspa _cBNPHU _erda |
||
| 082 | 4 |
_222 _bL961e |
|
| 100 | 1 |
_aLuna, Eduardo _925917 _eautor |
|
| 245 | 1 | 0 |
_aExplora la matemática. / _cEduardo Luna, Sarah González de Lora, Luis Henríquez, Juana Caraballo, Patria Fernández...[y otro] |
| 264 | 4 |
_aSanto Domingo : _bCorripio, _c2011 |
|
| 300 |
_av. páginas : _bIlustraciones ; |
||
| 336 |
_2rdacontent _atexto _btxt |
||
| 337 |
_2rdamedia _asin mediación _bn |
||
| 338 |
_2rdacarrier _avolumen _bnc |
||
| 500 | _aLa Biblioteca posee v.1 | ||
| 590 | _aInventariado 2023 / MF | ||
| 700 | 1 |
_aGonzález de Lora, Sarah, _929817 _eautor |
|
| 700 | 1 |
_aHenríquez, Luis, _929820 _eautor |
|
| 700 | 1 |
_aCaraballo, Juana, _929816 _eautora |
|
| 700 | 1 |
_aFernández, Patria, _929819 _eautora |
|
| 700 |
_aSánchez, Iris Cristina, _91253 _eautora |
||
| 942 |
_2ddc _cLBS1 |
||
| 999 |
_c55564 _d55564 |
||